| 000 | 00402nam a2200169Ia 4500 | ||
|---|---|---|---|
| 008 | 180207s9999 xx 000 0 und d | ||
| 020 | _a9781852921446 | ||
| 050 | _bC1898 1993 | ||
| 100 | _aCampbell, Rod. | ||
| 245 | _aLook and learn / | ||
| 245 | _cRod Campbell. | ||
| 260 | _aLondon : | ||
| 260 | _bCampbell Books, | ||
| 260 | _c1993 | ||
| 300 | _aunpaged : | ||
| 300 | _bcolor illustration ; | ||
| 999 |
_c355032 _d355032 |
||